000 00330nam a22001337a 4500
005 20250901165811.0
008 250324b |||||||| |||| 00| 0 eng d
020 _a9789966361479
050 _aPR 9408 .K34 2014
245 _aKIDNAP HILL
_cKAHIGA SAM
260 _aNAIROBI
_bLONGHORN PUBLISHERS
_c2014
300 _a145
942 _2lcc
999 _c9405
_d9405